000 00648nam a2200229Ia 4500
005 20240104112104.0
008 131103s9999 xx 000 0 und d
020 _a8189040022
_cRs 75
040 _aLoreto College
041 _aEnglish
082 _a891.456
_bROY
100 _aRaut Roy, Satchidananda
245 _aStories,
_cSatchdananda Raut Roy
250 _aTranslated from the Oriya by Paul St-Pierrem Lelawati Mohapatra and K K Mohapatra
260 _aBhubaneswar
_bGrassroots
_c2003
300 _a50p
630 _aOriya Fiction
650 _aOriya Stories
651 _aFiction in English
850 _aLCLIB
942 _cBK
999 _c21911
_d72390